000
00294nam a22001217a 4500
008
171226b xxu||||| |||| 00| 0 eng d
041
_a
eng
080
_a
94
100
_a
17
101
_a
HIS
245
_a
TRENDS AND VARIATIONS IN FERTILITY IN THE UNITED STATES
_c
KISER,C.V
942
_2
udc
_c
BK
999
_c
39407
_d
39407